| Tag |
First Indicator |
Second Indicator |
Subfields |
| LEADER |
00000cam a22000008a 4500 |
| 001 |
in00001213521 |
| 005 |
20151002085737.0 |
| 008 |
940302s1995 nyua b 001 0 eng |
| 010 |
|
|
|a 94006507
|
| 020 |
|
|
|a 0387942858
|
| 035 |
|
|
|a (OCoLC)30028913
|
| 035 |
|
|
|9 AGQ0866AM
|
| 040 |
|
|
|a DLC
|c DLC
|d TXA
|d UtOrBLW
|
| 049 |
|
|
|a TXAM
|
| 050 |
0 |
0 |
|a QA174.2
|b .R67 1994
|
| 082 |
0 |
0 |
|a 512/.2
|2 20
|
| 090 |
|
|
|a QA174.2
|b .R67 1995
|
| 100 |
1 |
|
|a Rotman, Joseph J.,
|d 1934-
|
| 245 |
1 |
3 |
|a An introduction to the theory of groups /
|c Joseph Rotman.
|
| 250 |
|
|
|a 4th ed.
|
| 263 |
|
|
|a 9410
|
| 264 |
|
1 |
|a New York :
|b Springer-Verlag,
|c [1995]
|
| 264 |
|
4 |
|c ©1995
|
| 300 |
|
|
|a 513 pages :
|b illustrations
|
| 336 |
|
|
|a text
|b txt
|2 rdacontent
|
| 337 |
|
|
|a unmediated
|b n
|2 rdamedia
|
| 338 |
|
|
|a volume
|b nc
|2 rdacarrier
|
| 490 |
1 |
|
|a Graduate texts in mathematics ;
|v 148
|
| 500 |
|
|
|a Illustration in lining of book.
|
| 504 |
|
|
|a Includes bibliographical references and index.
|
| 650 |
|
0 |
|a Group theory.
|
| 830 |
|
0 |
|a Graduate texts in mathematics ;
|v 148.
|
| 999 |
|
|
|a MARS
|
| 999 |
f |
f |
|s b0a343b2-8e64-39be-a7e7-9497d85257ea
|i 6f020b97-20c2-3079-a0bb-165405cb2cba
|t 0
|
| 952 |
f |
f |
|p normal
|a Texas A&M University
|b College Station
|c Sterling C. Evans Library
|s Evans stk
|d Evans: Library Stacks
|t 0
|e QA174.2 .R67 1995
|h Library of Congress classification
|i unmediated -- volume
|m A14818900821
|
| 998 |
f |
f |
|a QA174.2 .R67 1995
|t 0
|l Evans: Library Stacks
|